Score 0/15 Timer 02:00
0 Plays Today
Clue 5-Letter Word % Correct
To look at intenselySTARE
94.3%
A place where you may buy thingsSTORE
93.8%
_____ to secrecySWORN
93.2%
A long weapon featuring [Rung 15]SWORD
92.9%
The act of getting a point in a sporting matchSCORE
92.5%
A delicious marshmallow treat often consumed while campingSMORE
91.5%
A wooden item used to slay vampiresSTAKE
89.2%
Despise or dismiss as contemptible or unworthySCORN
84.7%
Clue 5-Letter Word % Correct
A bit of cereal or dandruffFLAKE
83.1%
A component of fire that produces [Rung 6]FLAME
79.5%
To hold someone responsible for somethingBLAME
78.7%
A mix of airborne particulates and gas produced by [Rung 13]SMOKE
77.9%
A sharp edge, the main part of [Rung 1]BLADE
77.5%
To quench or satisfy, as with thirstSLAKE
75.8%
You can do this to a [Rung 13] if it is too weakSTOKE
73%

Today's Daily Dose

Remove Ads.
Support Sporcle.
Get the best of Sporcle when you Go Orange. This ad-free experience offers more features, more stats, and more fun while also helping to support Sporcle. Thank you for becoming a member.

You're not logged in!

Compare scores with friends on all Sporcle quizzes.
OR
Log In

Show Comments

Extras

Top Quizzes Today


Score Distribution

Your Account Isn't Verified!

In order to create a playlist on Sporcle, you need to verify the email address you used during registration. Go to your Sporcle Settings to finish the process.

Report this User

Report this user for behavior that violates our Community Guidelines.

Details: